LEADER 02042nam 2200445 450 001 9910792860103321 005 20230809223453.0 010 $a0-309-45431-X 010 $a0-309-45429-8 035 $a(CKB)3710000001133771 035 $a(MiAaPQ)EBC4828781 035 $a(EXLCZ)993710000001133771 100 $a20170410h20172017 uy 0 101 0 $aeng 135 $aurcnu|||||||| 181 $2rdacontent 182 $2rdamedia 183 $2rdacarrier 200 00$aInnovations in federal statistics $ecombining data sources while protecting privacy /$fRobert M. Groves and Brian A. Harris-Kojetin, editors 210 1$aWashington, District of Columbia :$cThe National Academies Press,$d2017. 210 4$d©2017 215 $a1 online resource (138 pages) 311 $a0-309-45428-X 327 $aExecutive summary -- Introduction -- Current challenges and opportunities in federal statistics -- Using government administrative and other data for federal statistics -- Using private-sector data for federal statistics -- Protecting privacy and confidentiality while providing access to data for research use -- Advancing the paradigm of combining data sources -- References -- Appendix A: Workshop agendas -- Appendix B: Biographical sketches of Panel members and staff -- Committee on National Statistics. 606 $aStatistical services 607 $aUnited States$xStatistical services 607 $aUnited States$vStatistics 615 0$aStatistical services. 676 $a310.6 702 $aGroves$b Robert M. 702 $aHarris-Kojetin$b Brian A. 712 02$aNational Academies of Sciences, Engineering, and Medicine (U.S.).$bCommittee on National Statistics, 712 02$aNational Academies of Sciences, Engineering, and Medicine (U.S.).$bDivision of Behavioral and Social Sciences and Education, 801 0$bMiAaPQ 801 1$bMiAaPQ 801 2$bMiAaPQ 906 $aBOOK 912 $a9910792860103321 996 $aInnovations in federal statistics$93793829 997 $aUNINA LEADER 01865oam 2200433z- 450 001 9910136347303321 005 20200313140637 035 $a(CKB)3780000000049134 035 $a(VLeBooks)9782296516618 035 $a(FR-PaCSA)88883331 035 $a(FRCYB88883331)88883331 035 $a(EXLCZ)993780000000049134 100 $a20260304d2013 u| | 101 0 $afre 135 $aurun| ||||| 181 $2rdacontent 182 $2rdamedia 183 $2rdacarrier 200 10$a"Bulletin des lois" du règne de Louis XVI$eContribution à un recensement des lois imprimées entre mai 1774 et juin 1789 - Kronos N° 66$fRoquincourt, Thierry 210 1$aParis, France$cSPM$d2013 215 $a631 pages ;$d24 cm 225 0 $aKronos,$x1148-7933 ;$v66 311 08$a9782917232057 311 08$a2917232056 311 08$a9782296516618 311 08$a2296516610 320 $aIncludes bibliographical references and index. 330 $aVoici une contribution a un recensement des actes imprimes officiels du pouvoir souverain entre mai 1774 et juin 1789. Il s'agit essentiellement des actes royaux : arrets du Conseil d'Etat du roi ; edits, lettres patentes, ordonnances, declarations, instructions, reglements, decisions et lettres du roi ; conventions et traites. C'est toute "l'histoire officielle" qui resurgit, mais, au-dela, c'est toute la vie quotidienne a l'epoque de Louis XVI qui est revelee. 606 $aHISTORY / General$2bisacsh 606 $aLAW / General$2bisacsh 610 $aCourt records - France - Politics and government - 18th century - Sources. 615 7$aHISTORY / General 615 7$aLAW / General 700 $aRoquincourt$b Thierry$01797496 801 0$bFR-PaCSA 906 $aBOOK 912 $a9910136347303321 996 $a"Bulletin des lois" du règne de Louis XVI$94339774 997 $aUNINA